|
|
|
|
| LEADER |
00000naa a2200000uu 4500 |
| 001 |
vtls010958525 |
| 003 |
SK-MaSNL |
| 005 |
20260302141117.0 |
| 008 |
210910|1999 xo |||||||||||||||||slo| |
| 015 |
|
|
|a SNBRA
|
| 035 |
|
|
|a (urnnbn)urn:nbn:sk:snk:ar-a0bptb
|
| 035 |
|
|
|a (uuid)cfe03365-d222-4e41-9e3d-203ad40d8623
|
| 035 |
|
|
|a urn:nbn:sk:snk-aauhj5
|
| 040 |
|
|
|a SNKBUCL
|b slo
|c SNKBUCL
|e AACR2
|
| 041 |
0 |
|
|a slo
|
| 044 |
|
|
|a xo
|c SK
|
| 100 |
1 |
|
|a Pilipčinec, Emil,
|d 1955-
|4 aut
|
| 245 |
1 |
0 |
|a NOVÉ VÍRUSOVÉ INFEKCIE V CHOVOCH OŠÍPANÝCH
|c E. Pilipčinec, E. Švický, I. Mikula, J. Šnirc, O. J. Vrtiak
|
| 246 |
3 |
|
|a EMERGING VIRAL DISEASES IN PIGS
|
| 700 |
1 |
|
|a Švický, Emil,
|d 1944-
|4 aut
|9 196467
|
| 700 |
1 |
|
|a Mikula, I.
|4 aut
|9 772303
|
| 700 |
1 |
|
|a Šnirc, Július,
|d 1940-
|4 aut
|9 155746
|
| 700 |
1 |
|
|a Vrtiak, Otto Jaroslav,
|d 1924-2001
|4 aut
|9 177804
|
| 773 |
0 |
|
|t Aktuálne zdravotné problémy ošípaných
|d Košice : Univerzita veterinárneho lekárstva, 1999, 1999
|g S. 188-190
|z 8088985064
|
| 958 |
|
|
|a OND
|
| 958 |
|
|
|a article11
|
| 958 |
|
|
|a chapter
|
| 999 |
|
|
|c 1334331
|d 1336261
|